Harry Potter Students Quiz Stats

 Plays Quiz not verified by Sporcle

Score 0/44 Timer 09:00
0 Plays Today
% Correct
Harry Potter
99.2%
Ron Weasley
98.3%
Fred Weasley
93.3%
George Weasley
93.3%
Hermione Granger
92.4%
Draco Malfoy
89.9%
Ginny Weasley
89.1%
Neville Longbottom
87.4%
Cho Chang
80.7%
Luna Lovegood
78.2%
Dean Thomas
76.5%
Padma Patil
75.6%
Parvati Patil
74.8%
Colin Creevey
73.9%
Vincent Crabbe
73.1%
Gregory Goyle
71.4%
Lavender Brown
69.7%
Angelina Johnson
66.4%
Hannah Abbott
66.4%
Pansy Parkinson
66.4%
Katie Bell
65.5%
Cedric Diggory
63.9%
% Correct
Dennis Creevey
61.3%
Percy Weasley
52.9%
Susan Bones
50.4%
Justin Finch Fletchley
50.4%
Ernie MacMillan
47.9%
Lee Jordan
47.1%
Oliver Wood
43.7%
Penelope Clearwater
41.2%
Zacharias Smith
40.3%
Blaise Zabini
40.3%
Michael Corner
40.3%
Seamus Finnegan
39.5%
Marietta Edgecombe
35.3%
Alicia Spinnett
33.6%
Terry Boot
31.9%
Anthony Goldstein
27.7%
Millicent Bulstrode
25.2%
Daphne Greengrass
10.1%
Astoria Greengrass
6.7%
Nigel Wespurt
3.4%
Luca Caruso
2.5%
Alice Topilan
1.7%

You're not logged in!

Compare scores with friends on all Sporcle quizzes.
OR
Log In

Show Comments

Extras

Created Nov 24, 2010ReportNominate
Tags:Harry Potter Quiz, student

Top Quizzes Today


Score Distribution

Your Account Isn't Verified!

In order to create a playlist on Sporcle, you need to verify the email address you used during registration. Go to your Sporcle Settings to finish the process.

Report this User

Report this user for behavior that violates our Community Guidelines.

Details: